RICS bridges the regeneration gap (Record no. 72774)

MARC details
000 -LEADER
fixed length control field 01264cam a2200217 4500
001 - CONTROL NUMBER
control field WB3920-14
008 - FIXED-LENGTH DATA ELEMENTS--GENERAL INFORMATION
fixed length control field 030528n2003 000 0 eng u
035 ## - SYSTEM CONTROL NUMBER
System control number (Sirsi) u122439
245 ## - TITLE STATEMENT
Title RICS bridges the regeneration gap
260 ## - PUBLICATION, DISTRIBUTION, ETC.
Date of publication, distribution, etc. 2003
490 ## - SERIES STATEMENT
Series statement RICS News Service
Volume/sequential designation 27 May 2003 (1)
520 ## - SUMMARY, ETC.
Summary, etc. RICS has published in conjunction with ODPM "Bridging the gap", a leaflet about gap funding and the state aid rules in respect of public sector support applying to land and property development as well as economic and social regeneration. It lists the approvals that enable regeneration bodies in England to spend their money in accordance with the state rules and describes what can be supported and the maximum level of support. More detailed information on the schemes is available from http://www.bridgingthegap.uk.com. Copies of the leaflet may be got from Neil Johnson on t +44 (0)20 7695 1542 or [email protected]. http://www.rics.org/ricscms/bin/show?class=News&template=/includes/shownews.html&id=5921&faculty=RICS
590 ## - LOCAL NOTE (RLIN)
Local note WB
650 ## - SUBJECT ADDED ENTRY--TOPICAL TERM
Topical term or geographic name entry element GAP FUNDING
650 ## - SUBJECT ADDED ENTRY--TOPICAL TERM
Topical term or geographic name entry element STATE AID
650 ## - SUBJECT ADDED ENTRY--TOPICAL TERM
Topical term or geographic name entry element REGIONAL DEVELOPMENT AGENCIES
650 ## - SUBJECT ADDED ENTRY--TOPICAL TERM
Topical term or geographic name entry element JOINT VENTURES
650 ## - SUBJECT ADDED ENTRY--TOPICAL TERM
Topical term or geographic name entry element POLLUTER PAYS PRINCIPLE
690 ## - LOCAL SUBJECT ADDED ENTRY--TOPICAL TERM (OCLC, RLIN)
Topical term or geographic name as entry element REGENERATION
942 ## - ADDED ENTRY ELEMENTS (KOHA)
Suppress in OPAC 0
Holdings
Withdrawn status Lost status Source of classification or shelving scheme Damaged status Not for loan Home library Current library Shelving location Date acquired Total Checkouts Full call number Barcode Date last seen Copy number Price effective from Koha item type
    Dewey Decimal Classification     London London News article 28/05/2003   WB3920-14 122439-1001 06/08/2019 1 06/08/2019 News article